Statistics for The Americas Geography by Letter - A

Click here to take the quiz!

General Stats

  • This quiz has been taken 38,147 times
    (23,490 since last reset)
  • The average score is 15 of 20

Answer Stats

ClueAnswer% Correct
World's most massive riverAmazon
98%
South American countryArgentina
97%
Largest U.S. state by areaAlaska
96%
"The Grand Canyon State"Arizona
96%
Highest mountain range in the AmericasAndes
91%
Capital of TexasAustin
91%
Island in San Francisco Bay
with a former prison
Alcatraz
88%
Island politically joined with BarbudaAntigua
87%
Province of CanadaAlberta
84%
Capital of New YorkAlbany
77%
Most populous city in the aboveAnchorage
77%
City with the world's busiest airportAtlanta
74%
San Antonio mission where Mexico
defeated Texas
Alamo
71%
World's tallest waterfallAngel Falls
71%
Mountain range that stretches from
Alabama to Newfoundland
Appalachian
67%
Capital of ParaguayAsunción
66%
Dutch island in the CaribbeanAruba
63%
Most well known military cemetery
in the United States
Arlington
58%
Driest non-polar desert in the worldAtacama
46%
Tallest mountain in the aboveAconcagua
32%

Score Distribution

Percentile by Number Answered

Percent of People with Each Score

Your Score History

You have not taken this quiz since the last reset